000 00573nam a2200241Ia 4500
003 OSt
005 20220924144126.0
006 a|||||r|||| 00| 0
007 ta
008 220923b |||||||| |||| 00| 0 urd d
020 _c4
024 _a312248
037 _cTextual
040 _aARTS
_cARTS
_burd
041 _2urd
_aurd
082 _aO168,1L57x, J0
100 _aAzimabadi Hameed
245 0 _aRasikh
260 _c1950
650 _aURDU POETRY
942 _hO168,1L57x, J0
_cTEXL
_2CC
999 _c456213
_d456213